00743nam a2200253 a 4500001001300000003000900013005001700022008004100039020001000080082001600090100002800106245002800134260003900162300000900201500003500210505002700245650001200272650001600284700002800300902000800328942000700336952012900343999001700472nice12345678IN_TiNIC20260116013837.0050524s1985 newa grp 000 0 eng  ac20000a294.63bNAR aNara, Giani Ishar Singh aSafarnama and Zafarnama aNew DelhibNara Publicationsc1985 a328p aincludes index and biblioraphy2 aAppendix, Bibliography aSikhism aGurus, Sikh1 aNara, Giani Ishar Singh bSRS cBK 001040708StackRoom-aHMIbHMId2007-07-26g200.00l1o294.63 NARp018185r2018-07-03s2018-07-02v200.00w2005-05-24yBK c12778d12778